Identity and self-respect (Registro nro. 91292)

Detalles MARC
000 -ENCABEZADO
Número de control [NR] 01034nam a22002297a 4500
008 - DE LONGITUD FIJA DE DATOS DE ELEMENTOS - INFORMACIÓN GENERAL
Elementos de longitud fija [NR] 130821s1997 xxua gr eng
020 ## - NUMERO INTERNACIONAL NORMALIZADO PARA LIBROS [R]
Número Internacional Normalizado del libro [NR] 1880323796
040 ## - FUENTE DE CATALOGACION [NR]
Agencia de catalogación original [NR] Co-BoUCM
Idioma de catalogación [NR] spa
041 00 - CODIGO DE IDIOMA [R]
Código de idioma para texto/pista de sonido o título separado [R] Inglés
245 00 - MENCION DE TITULO [NR]
Título [NR] Identity and self-respect
260 ## - PUBLICACION, DISTRIBUCION, ETC. (PIE DE IMPRENTA) [R]
Lugar de publicación, distribución, etc. [R] Chicago (Illinois, estados Unidos)
Nombre del editor, distribuidor, etc. [R] Great Books Foundation
Fecha de publicación, distribución, etc. [R] c1997
300 ## - DESCRIPCION FISICA [R]
Extensión [R] xiii, 282 páginas
Otros detalles físicos [NR] ilustraciones
490 #4 - MENCION DE SERIE [R]
Mención de serie [R] The Great Books Foundation 50th anniversary series
505 0# - NOTA DE CONTENIDO CON FORMATO PREESTABLECIDO [R]
Nota de contenido con formato preestablecido [NR] The fire next time / James Baldwin -- The apology / Plato -- A real life / Alice Munro -- A room of one's own / Virginia Woolf -- A dull story / Anton Chekhov -- Poety / T.S. Eliot -- Questions for Emma / Jane Austen -- Questions for Invisible man / Ralph Ellison
650 04 - ASIENTO SECUNDARIO DE MATERIA - TERMINO TEMATICO [R]
Término temático o nombre geográfico como elemento de entrada [NR] Lectura colectiva
9 (RLIN) 18309
650 04 - ASIENTO SECUNDARIO DE MATERIA - TERMINO TEMATICO [R]
Término temático o nombre geográfico como elemento de entrada [NR] Literatura
9 (RLIN) 18599
650 04 - ASIENTO SECUNDARIO DE MATERIA - TERMINO TEMATICO [R]
Término temático o nombre geográfico como elemento de entrada [NR] Literatura
Subdivisión de forma [R] Colecciones
9 (RLIN) 18599
650 04 - ASIENTO SECUNDARIO DE MATERIA - TERMINO TEMATICO [R]
Término temático o nombre geográfico como elemento de entrada [NR] Receptividad critica en lectores
9 (RLIN) 23137
710 2# - ASIENTO SECUNDARIO - NOMBRE CORPORATIVO [R]
Nombre corporativo o de jurisdicción como elemento de entrada [NR] Great Books Foundation (U.S.)
9 (RLIN) 153137
942 ## - ELEMENTOS DE ENTRADA AGREGADOS (KOHA)
Tipo de ítem principal el descrito en 300a Libro
Tema principal Literatura
Edición 1
Parte restante de la signatura top. I197
Sistema de clasificación DEWEY
Clasificación 808.8
Existencias
Signatura topográfica Código de barras Última vez visto Ejemplar Price effective from Tipo de ítem Perdido Sistema de clasificación Dañado No prestable Tipo de ítem específico Suprimido Ubicación habitual Ubicación actual Localización Fecha de creación Forma de adquisición Costo
808.8 I197 100081072 09/12/2025 Ej.1 03/02/2013 Libro   DEWEY     Libro   Claustro Claustro 2do piso 30/09/2006 Compra 9.95